Applied signal Processing:Concepts, circuits, and systems (Record no. 2137)
[ view plain ]
| 000 -LEADER | |
|---|---|
| fixed length control field | 00452nam a2200157Ia 4500 |
| 008 - FIXED-LENGTH DATA ELEMENTS--GENERAL INFORMATION | |
| fixed length control field | 130318s9999 xx 000 0 und d |
| 020 ## - INTERNATIONAL STANDARD BOOK NUMBER | |
| International Standard Book Number | 9781420067026 |
| 082 ## - DEWEY DECIMAL CLASSIFICATION NUMBER | |
| Classification number | 621.3822 HAM/A |
| 100 ## - MAIN ENTRY--PERSONAL NAME | |
| Personal name | Hamdy, Nadder |
| 245 ## - TITLE STATEMENT | |
| Title | Applied signal Processing:Concepts, circuits, and systems |
| 260 ## - PUBLICATION, DISTRIBUTION, ETC. | |
| Name of publisher, distributor, etc. | CRC Press |
| Place of publication, distribution, etc. | Florida |
| Date of publication, distribution, etc. | 2009 |
| 300 ## - PHYSICAL DESCRIPTION | |
| Extent | 517 |
| 650 ## - SUBJECT ADDED ENTRY--TOPICAL TERM | |
| Topical term or geographic name entry element | ELECTRIC FILTERS |
| 650 ## - SUBJECT ADDED ENTRY--TOPICAL TERM | |
| Topical term or geographic name entry element | SIGNAL PROCESSING |
| 650 ## - SUBJECT ADDED ENTRY--TOPICAL TERM | |
| Topical term or geographic name entry element | SIGNAL PROCESSING-DIGITAL TECHNIQUES |
| Withdrawn status | Lost status | Source of classification or shelving scheme | Damaged status | Not for loan | Collection code | Home library | Current library | Shelving location | Date acquired | Cost, normal purchase price | Total Checkouts | Full call number | Barcode | Date last seen | Price effective from | Koha item type |
|---|---|---|---|---|---|---|---|---|---|---|---|---|---|---|---|---|
| Dewey Decimal Classification | Digital Signal Processing | Kerala University of Digital Sciences, Innovation and Technology Knowledge Centre | Kerala University of Digital Sciences, Innovation and Technology Knowledge Centre | Applied Electronics | 18/03/2013 | 446.00 | 621.382 2 HAM/A | 2154 | 18/03/2013 | 18/03/2013 | Books |